000 00304nam a2200121Ia 4500
008 241028s9999 xx 000 0 und d
041 _aeng
082 _a613.71 MIS
100 _aMishra
245 _aMove Forward & Stay Involved
260 _bRaghav Books
_aGhaziabad U.P
_c2020
300 _a232;. P. 22 cm
999 _c42807
_d42807